Every Pokémon with a Mega Evolution - Statistics

General Stats
  • This quiz has been taken 412 times
    230 since last reset
  • The average score is 33 of 87
Answer Stats
Answer % Correct
Charizard
96%
Blastoise
94%
Venusaur
91%
Beedrill
72%
Dragonite
72%
Garchomp
69%
Blaziken
65%
Rayquaza
63%
Sceptile
63%
Mewtwo
62%
Meganium
60%
Pidgeot
60%
Raichu
60%
Swampert
60%
Gengar
59%
Lucario
59%
Feraligatr
56%
Gardevoir
53%
Kangaskhan
49%
Salamence
47%
Alakazam
46%
Ampharos
46%
Greninja
46%
Gyarados
46%
Latias
46%
Latios
46%
Victreebel
46%
Absol
44%
Delphox
44%
Heracross
44%
Metagross
44%
Audino
42%
Clefable
42%
Emboar
42%
Gallade
42%
Starmie
42%
Steelix
42%
Chesnaught
41%
Tyranitar
41%
Scizor
40%
Houndoom
38%
Pinsir
37%
Diancie
33%
Slowbro
32%
Tatsugiri
32%
Glalie
31%
Aerodactyl
29%
Aggron
29%
Darkrai
29%
Manectric
29%
Zygarde
29%
Baxcalibur
28%
Froslass
28%
Altaria
27%
Falinks
27%
Heatran
27%
Chandelure
26%
Medicham
26%
Pyroar
26%
Zeraora
26%
Drampa
24%
Floette
24%
Glimmora
24%
Hawlucha
24%
Lopunny
24%
Malamar
24%
Mawile
24%
Scovillain
24%
Staraptor
24%
Camerupt
23%
Chimecho
23%
Golisopod
23%
Scolipede
23%
Skarmory
23%
Banette
22%
Sableye
22%
Excadrill
21%
Abomasnow
19%
Eelektross
18%
Golurk
18%
Magearna
18%
Sharpedo
18%
Barbaracle
17%
Meowstic
17%
Crabominable
14%
Scrafty
13%
Dragalgae
5%
No matching quizzes found
Score Distribution
Percent of People with Each Score
Percentile by Number Answered
Your Score History
You have not taken this quiz since the last reset